Исследование механизма гидропероксидного окисления хелатов ксиленолового оранжевого с ионами железа(III) в водном растворе; Перспективы развития фундаментальных наук; Т. 2 : Химия

Dades bibliogràfiques
Parent link:Перспективы развития фундаментальных наук=Prospects of Fundamental Sciences Development: сборник научных трудов XIV Международной конференции студентов, аспирантов и молодых ученых, г. Томск, 25-28 апреля 2017 г./ Национальный исследовательский Томский политехнический университет (ТПУ) ; под ред. И. А. Курзиной, Г. А. Вороновой.— , 2017
Т. 2 : Химия.— 2017.— [С. 265-267]
Autor principal: Чумаков А. А.
Altres autors: Слижов Ю. Г. (научный руководитель)
Sumari:Заглавие с экрана
We observed for the first time the reaction of hydrogen peroxide oxidation of ferric xylenol orange chelates in aqueous solution. We proposed the reaction mechanism. The opened reaction is important for improvement of analytical technique of FOX-method (ferrous oxidation in xylenol orange) for hydroperoxides quantification. The additional value depends on the nature of reaction products.
Idioma:rus
Publicat: 2017
Matèries:
Accés en línia:http://earchive.tpu.ru/handle/11683/44535
Format: MixedMaterials Electrònic Capítol de llibre
KOHA link:https://koha.lib.tpu.ru/cgi-bin/koha/opac-detail.pl?biblionumber=624581

MARC

LEADER 00000naa2a2200000 4500
001 624581
005 20231101133324.0
035 |a (RuTPU)RU\TPU\conf\23841 
035 |a RU\TPU\conf\23837 
090 |a 624581 
100 |a 20171124d2017 k y0rusy50 ca 
101 0 |a rus  |d eng 
102 |a RU 
105 |a y z 100zy 
135 |a drcn ---uucaa 
181 0 |a i  
182 0 |a b 
200 1 |a Исследование механизма гидропероксидного окисления хелатов ксиленолового оранжевого с ионами железа(III) в водном растворе  |d Study of mechanism of hydroperoxide oxidation of ferric xylenol orange chelates in aqueous solution  |f А. А. Чумаков  |g науч. рук. Ю. Г. Слижов  
203 |a Текст  |c электронный 
230 |a 1 компьютерный файл (pdf; 364 Kb) 
300 |a Заглавие с экрана 
320 |a [Библиогр.: с. 267 (4 назв.)] 
330 |a We observed for the first time the reaction of hydrogen peroxide oxidation of ferric xylenol orange chelates in aqueous solution. We proposed the reaction mechanism. The opened reaction is important for improvement of analytical technique of FOX-method (ferrous oxidation in xylenol orange) for hydroperoxides quantification. The additional value depends on the nature of reaction products. 
461 1 |0 (RuTPU)RU\TPU\conf\21388  |t Перспективы развития фундаментальных наук  |l Prospects of Fundamental Sciences Development  |o сборник научных трудов XIV Международной конференции студентов, аспирантов и молодых ученых, г. Томск, 25-28 апреля 2017 г.  |o в 7 т.  |f Национальный исследовательский Томский политехнический университет (ТПУ) ; под ред. И. А. Курзиной, Г. А. Вороновой  |d 2017 
463 1 |0 (RuTPU)RU\TPU\conf\21390  |t Т. 2 : Химия  |v [С. 265-267]  |d 2017 
510 1 |a Study of mechanism of hydroperoxide oxidation of ferric xylenol orange chelates in aqueous solution  |z eng 
610 1 |a электронный ресурс 
610 1 |a гидропероксиды 
610 1 |a окисляющиеся металлы 
610 1 |a пероксид водорода 
610 1 |a пероксиды 
610 1 |a водород 
700 1 |a Чумаков  |b А. А. 
702 1 |a Слижов   |b Ю. Г.  |4 727 
801 2 |a RU  |b 63413507  |c 20171206  |g RCR 
856 4 |u http://earchive.tpu.ru/handle/11683/44535 
942 |c BK